000 02947cam a2200313 4500500
005 20260208003820.0
041 _afre
042 _adc
100 1 0 _aSarfati, Georges-Elia
_eauthor
245 0 0 _aNote sur “sens commun” : essai de caractérisation linguistique et sociodiscursive
260 _c2007.
500 _a41
520 _aL’une des tâches actuelles de la linguistique est la construction d’une théorie du sens commun, notamment capable de rendre compte des mécanismes de l’évidence sémantique. C’est en particulier l’objet d’une théorie générale du sens commun de contribuer à cet objectif. a partir d’un examen préalable du concept philosophique de sens commun, cet article définit le sens commun linguistique comme une sémiotisation des normes de la praxis. il en résulte une modification du programme de recherche de la pragmatique. après avoir exposé une théorie des modules topiques, condition sine qua non de toute communauté de sens, l’article propose une analyse plus précise des variations du sens commun (canon, vulgate, doxa) dont la distinction se justifie à l’aide de différents critères fonctionnels. il s’agit ainsi de délimiter un niveau de l’analyse linguistique fondamental dont la description philologique constitue une réévaluation des enjeux de la critique et de l’analyse des discours.
520 _aNote on “common sense”: an attempt at linguistic and socio-discursive characterization one of the current tasks of linguistics is to work out a common sense theory capable in particular of accounting for the mechanisms of semantic self-evidence. the specific objective of a general pragmatics of common sense is to contribute to just such a theory. We start by examining the philosophical concept of common sense, seeing linguistic common sense as the semiotic construction of the rules of the praxis, which opens up on a new way of defining a research program in pragmatics. after having exposed a theory of the normative components, the indispensable condition for any community of meaning, this article offers a more precise analysis of the variations of common sense (canon, vulgate, doxa), a distinction justified by the use of several functional criteria. in this way, we are characterizing a basic level of linguistic analysis whose philological description constitutes a reevaluation of the stakes of criticism and of discourse analysis.
690 _acanon
690 _adoxa
690 _afonction critique
690 _apragmatique
690 _aSens commun
690 _avulgate
690 _acanon
690 _aCommon sense
690 _acritical function
690 _adoxa
690 _apragmatics
690 _avulgate
786 0 _nLangage et société | 119 | 1 | 2007-03-01 | p. 63-80 | 0181-4095
856 4 1 _uhttps://shs.cairn.info/revue-langage-et-societe-2007-1-page-63?lang=fr&redirect-ssocas=7080
999 _c1649043
_d1649043